| 000 | 00503nam a2200193 a 4500 | ||
|---|---|---|---|
| 001 | 1772625971489 | ||
| 003 | YourLibrary | ||
| 005 | 20260304173723.0 | ||
| 008 | 260304s2006##################000#0#eng## | ||
| 020 | _a9780195308372 | ||
| 082 | 0 | 4 |
_a327.73 _bLIN |
| 100 | 1 |
_aLind, Michael, _eauthor. |
|
| 245 | 1 | 0 | _aThe American Way of Strategy : |
| 260 |
_bOxford University Press, _c2006. |
||
| 300 | _a312 pages | ||
| 650 | 0 | _aHistory. | |
| 942 | _cENGLISH | ||
| 040 |
_aYourLibrary _beng _cYourLibrary |
||
| 999 |
_c616871 _d616871 |
||